[Event "HUN-chT2 Erkel 1819"]
[Site "Hungary"]
[Date "2019.02.24"]
[Round "6.5"]
[White "Mozes, Ervin"]
[Black "Koszegi, Lajos"]
[Result "1-0"]
[WhiteElo "2157"]
[BlackElo "2065"]
[PlyCount "39"]
[EventDate "2018.10.28"]
[EventType "team-tourn"]
[EventRounds "9"]
[EventCountry "HUN"]
[SourceTitle "EXT 2021"]
[Source "ChessBase"]
[SourceDate "2020.10.23"]
[SourceVersion "1"]
[SourceVersionDate "2020.10.23"]
[SourceQuality "1"]
[WhiteTeam "Gyongyos Energia"]
[BlackTeam "Szada GSBE"]
[WhiteTeamCountry "HUN"]
[BlackTeamCountry "HUN"]

1. g3 g6 2. Bg2 Bg7 3. e4 c5 4. Ne2 Nc6 5. c3 d6 6. d4 cxd4 7. cxd4 Nf6 8. Nbc3 0-0 9. h3 Bd7 10. Be3 Na5 11. b3 Rc8 12. Qd2 b5 13. Rd1 b4 14. Nb1 Qb6 15. Nf4 d5 16. e5 Ne4 17. Nxd5 Nxd2 18. Nxb6 axb6 19. Kxd2 Bc6 20. d5 1-0

[Event "HUN-chT2 Erkel 1718"]
[Site "Hungary"]
[Date "2017.11.26"]
[Round "4.4"]
[White "Sinka, Istvan"]
[Black "Koszegi, Lajos"]
[Result "1/2-1/2"]
[WhiteElo "2241"]
[BlackElo "2067"]
[PlyCount "48"]
[EventDate "2017.09.24"]
[EventType "team-tourn"]
[EventRounds "11"]
[EventCountry "HUN"]
[SourceTitle "EXT 2021"]
[Source "ChessBase"]
[SourceDate "2020.10.23"]
[SourceVersion "1"]
[SourceVersionDate "2020.10.23"]
[SourceQuality "1"]
[WhiteTeam "Jaszbereny"]
[BlackTeam "Szada GSBE"]
[WhiteTeamCountry "HUN"]
[BlackTeamCountry "HUN"]

1. d4 c5 2. dxc5 e6 3. Nc3 Bxc5 4. Ne4 Be7 5. Nd6+ Bxd6 6. Qxd6 Qe7 7. Bf4 Nc6 8. e4 e5 9. Qxe7+ Ngxe7 10. Bg3 d5 11. exd5 Nxd5 12. 0-0-0 Be6 13. Re1 0-0 14. Bxe5 Rac8 15. c3 Nxe5 16. Rxe5 Nxc3 17. bxc3 Rxc3+ 18. Kd2 Ra3 19. Ne2 Rd8+ 20. Kc1 Rxa2 21. Nc3 Rxf2 22. Re2 Rf4 23. Re4 Rf2 24. Re2 Rf4 1/2-1/2

[Event "HUN-chT2 Erkel 1415"]
[Site "Hungary"]
[Date "2014.12.14"]
[Round "4.7"]
[White "Csati, Oliver"]
[Black "Koszegi, Lajos"]
[Result "1/2-1/2"]
[WhiteElo "2069"]
[BlackElo "2077"]
[PlyCount "103"]
[EventDate "2014.09.28"]
[EventType "team-tourn"]
[EventRounds "9"]
[EventCountry "HUN"]
[SourceTitle "EXT 2016"]
[Source "ChessBase"]
[SourceDate "2015.10.08"]
[SourceVersion "1"]
[SourceVersionDate "2015.10.08"]
[SourceQuality "1"]
[WhiteTeam "HASE"]
[BlackTeam "GBSE"]
[WhiteTeamCountry "HUN"]
[BlackTeamCountry "HUN"]

1. e4 c5 2. Nf3 d6 3. d4 cxd4 4. Nxd4 Nf6 5. Nc3 g6 6. Be3 Bg7 7. Bc4 Nc6 8. f3 0-0 9. Qd2 Bd7 10. 0-0-0 Rb8 11. g4 b5 12. Nxc6 Bxc6 13. Bd5 b4 14. Ne2 Bxd5 15. exd5 Qa5 16. Kb1 Rb5 17. c4 bxc3 18. Nxc3 Rb4 19. Bd4 Rfb8 20. b3 Rxd4 21. Qxd4 Nxd5 22. Nxd5 Bxd4 23. Nxe7+ Kf8 24. Nc6 Qc3 25. Nxd4 a5 26. f4 a4 27. Rhf1 axb3 28. Nxb3 d5 29. Rf2 Rxb3+ 30. axb3 Qxb3+ 31. Kc1 Qc3+ 32. Kb1 Qb4+ 33. Kc1 Qc4+ 34. Kd2 Qd4+ 35. Ke2 Qc4+ 36. Kf3 Qc3+ 37. Ke2 Ke7 38. Rf3 Qc2+ 39. Rd2 Qc4+ 40. Kf2 Kd6 41. Kg3 d4 42. Rfd3 Kc5 43. Kh4 h6 44. Kg3 Qe6 45. Kf3 Qd5+ 46. Kg3 Kc4 47. g5 hxg5 48. Rxd4+ Qxd4 49. Rxd4+ Kxd4 50. fxg5 Ke3 51. Kg4 Ke4 52. h4 1/2-1/2

[Event "HUN-chT2 Erkel 0910"]
[Site "Hungary"]
[Date "2010.03.21"]
[Round "8.6"]
[White "Koszegi, Lajos"]
[Black "Adam, Gyorgy Jr"]
[Result "1-0"]
[WhiteElo "2071"]
[BlackElo "2089"]
[PlyCount "83"]
[EventDate "2009.11.08"]
[EventType "team-tourn"]
[EventRounds "11"]
[EventCountry "HUN"]
[SourceTitle "EXT 2011"]
[Source "ChessBase"]
[SourceDate "2010.11.26"]
[SourceVersion "1"]
[SourceVersionDate "2010.11.26"]
[SourceQuality "1"]
[WhiteTeam "Godollo"]
[BlackTeam "Barcza"]
[WhiteTeamCountry "HUN"]
[BlackTeamCountry "HUN"]

1. e4 e6 2. d4 d5 3. Nd2 c5 4. exd5 Qxd5 5. Ngf3 cxd4 6. Bc4 Qd8 7. 0-0 Qc7 8. Qe2 Nc6 9. Nb3 Bd6 10. Rd1 Nge7 11. Nbxd4 a6 12. Bg5 Nxd4 13. Rxd4 b5 14. Bb3 Nf5 15. Rd3 h6 16. Bd2 0-0 17. Rd1 a5 18. a3 Rd8 19. Bf4 Ba6 20. Bxd6 Rxd6 21. Rxd6 Nxd6 22. c3 Nb7 23. Qe4 Re8 24. Bc2 g6 25. Ne5 Nc5 26. Qf4 Re7 27. Qxh6 Nd7 28. Ng4 f5 29. Rxd7 Rxd7 30. Nf6+ Kf7 31. Nxd7 Qxd7 32. Qh7+ Ke8 33. Qxg6+ Kd8 34. Qf6+ Kc7 35. Qe5+ Kc6 36. Qe3 Qd5 37. b3 a4 38. Qf3 b4 39. cxb4 axb3 40. Bxb3 Qxf3 41. gxf3 Bc8 42. f4 1-0

[Event "HUN-chT2 Erkel 0910"]
[Site "Hungary"]
[Date "2009.11.22"]
[Round "2.6"]
[White "Koszegi, Lajos"]
[Black "Ritter, Gabor"]
[Result "1/2-1/2"]
[WhiteElo "2071"]
[BlackElo "2106"]
[PlyCount "53"]
[EventDate "2009.11.08"]
[EventType "team-tourn"]
[EventRounds "11"]
[EventCountry "HUN"]
[SourceTitle "EXT 2011"]
[Source "ChessBase"]
[SourceDate "2010.11.26"]
[SourceVersion "1"]
[SourceVersionDate "2010.11.26"]
[SourceQuality "1"]
[WhiteTeam "Godollo"]
[BlackTeam "Vizugy"]
[WhiteTeamCountry "HUN"]
[BlackTeamCountry "HUN"]

1. e4 c5 2. Nc3 Nc6 3. f4 g6 4. Nf3 Bg7 5. Bc4 e6 6. f5 Nge7 7. fxe6 dxe6 8. 0-0 0-0 9. d3 Na5 10. Bb3 Nxb3 11. axb3 Nc6 12. Be3 Nd4 13. Qd2 e5 14. Bh6 f6 15. Rf2 Be6 16. Raf1 Qd7 17. Bxg7 Kxg7 18. Nd1 Rad8 19. Qa5 b6 20. Qa6 Rf7 21. Nc3 Nc6 22. Qa1 Nd4 23. Qa6 Nc6 24. Qa1 Nd4 25. Qa6 Nc6 26. Qa1 Nd4 27. Qa6 1/2-1/2

[Event "HUN-chT2 Erkel 0910"]
[Site "Hungary"]
[Date "2009.11.08"]
[Round "1.6"]
[White "Rozsa, Zoltan"]
[Black "Koszegi, Lajos"]
[Result "1/2-1/2"]
[WhiteElo "2057"]
[BlackElo "2071"]
[PlyCount "72"]
[EventDate "2009.11.08"]
[EventType "team-tourn"]
[EventRounds "11"]
[EventCountry "HUN"]
[SourceTitle "EXT 2011"]
[Source "ChessBase"]
[SourceDate "2010.11.26"]
[SourceVersion "1"]
[SourceVersionDate "2010.11.26"]
[SourceQuality "1"]
[WhiteTeam "Vaci"]
[BlackTeam "Godollo"]
[WhiteTeamCountry "HUN"]
[BlackTeamCountry "HUN"]

1. b3 c5 2. Bb2 Nc6 3. e3 d5 4. Nf3 Bg4 5. Bb5 e6 6. 0-0 Nf6 7. d4 a6 8. Be2 cxd4 9. Nxd4 Bxe2 10. Qxe2 Be7 11. Nxc6 bxc6 12. c4 0-0 13. Nd2 Qb6 14. Rfd1 Rfd8 15. Nf3 Ne4 16. Rac1 Bf6 17. Bxf6 Nxf6 18. cxd5 cxd5 19. Rc2 Rdc8 20. Rdc1 Qb7 21. Ne5 Nd7 22. Rxc8+ Rxc8 23. Rxc8+ Qxc8 24. Nxd7 Qxd7 25. Qxa6 g6 26. Qd3 Qc7 27. Qd2 e5 28. g3 Qc5 29. b4 Qc4 30. a4 d4 31. exd4 exd4 32. Qe1 d3 33. Qe8+ Kg7 34. Qe5+ Kg8 35. Qe8+ Kg7 36. Qe5+ Kg8 1/2-1/2

[Event "Eger Tavasz op"]
[Site "Eger"]
[Date "2009.06.01"]
[Round "7"]
[White "Koszegi, Lajos"]
[Black "Meszaros, Andras"]
[Result "0-1"]
[WhiteElo "2048"]
[BlackElo "2332"]
[PlyCount "84"]
[EventDate "2009.05.29"]
[EventType "swiss"]
[EventRounds "7"]
[EventCountry "HUN"]
[SourceTitle "EXT 2011"]
[Source "ChessBase"]
[SourceDate "2010.11.26"]
[SourceVersion "1"]
[SourceVersionDate "2010.11.26"]
[SourceQuality "1"]

1. e4 c5 2. Nc3 e6 3. f4 a6 4. Nf3 Nc6 5. Be2 d5 6. d3 b5 7. 0-0 Nf6 8. e5 d4 9. exf6 dxc3 10. bxc3 Qxf6 11. Ne5 Nxe5 12. fxe5 Qxe5 13. Bf3 Ra7 14. Bf4 Qxc3 15. Bc6+ Bd7 16. Qf3 Qd4+ 17. Be3 Bxc6 18. Qxc6+ Qd7 19. Qf3 Bd6 20. Qh5 Qc6 21. Rf3 Qd5 22. Qg4 Qe5 23. d4 Qxh2+ 24. Kf2 cxd4 25. Bxd4 Rc7 26. c3 Be5 27. Qe4 Bxd4+ 28. cxd4 Qd6 29. Kg1 0-0 30. Rh3 f5 31. Qh4 g6 32. Re1 Rd8 33. Rd1 e5 34. d5 e4 35. Qh6 Qc5+ 36. Kh1 Rxd5 37. Rf1 Qd6 38. Rf4 Rd1+ 39. Kh2 Rf1 40. Rhh4 Rxf4 41. Rxf4 e3 42. g3 e2 0-1

[Event "Eger Osz op"]
[Site "Eger"]
[Date "2008.10.25"]
[Round "7"]
[White "Koszegi, Lajos"]
[Black "Becskei, Zoltan"]
[Result "1-0"]
[WhiteElo "2060"]
[BlackElo "1827"]
[PlyCount "59"]
[EventDate "2008.10.22"]
[EventType "swiss"]
[EventRounds "7"]
[EventCountry "HUN"]
[SourceTitle "EXT 2011"]
[Source "ChessBase"]
[SourceDate "2010.11.26"]
[SourceVersion "1"]
[SourceVersionDate "2010.11.26"]
[SourceQuality "1"]

1. e4 c5 2. Nc3 Nc6 3. f4 g6 4. Nf3 Bg7 5. Bc4 Nf6 6. d3 0-0 7. 0-0 d6 8. Qe1 Na5 9. Bb3 Nxb3 10. axb3 Bd7 11. Qh4 Bc6 12. f5 d5 13. e5 Nd7 14. Bh6 f6 15. e6 d4 16. Ne4 Bxe4 17. dxe4 Ne5 18. Nxe5 fxe5 19. Bxg7 Kxg7 20. fxg6 hxg6 21. Rxf8 Qxf8 22. Rf1 Qxf1+ 23. Kxf1 Rf8+ 24. Ke2 Rf6 25. Qg5 Rxe6 26. h4 Kf7 27. h5 gxh5 28. Qxh5+ Kg7 29. g4 b5 30. Qf5 1-0

[Event "Eger Osz op"]
[Site "Eger"]
[Date "2008.10.24"]
[Round "5"]
[White "Koszegi, Lajos"]
[Black "Csonka, Balazs"]
[Result "0-1"]
[WhiteElo "2060"]
[BlackElo "1975"]
[PlyCount "66"]
[EventDate "2008.10.22"]
[EventType "swiss"]
[EventRounds "7"]
[EventCountry "HUN"]
[SourceTitle "EXT 2011"]
[Source "ChessBase"]
[SourceDate "2010.11.26"]
[SourceVersion "1"]
[SourceVersionDate "2010.11.26"]
[SourceQuality "1"]

1. e4 d5 2. exd5 Qxd5 3. Nc3 Qd8 4. d4 Nf6 5. Bg5 c6 6. Bc4 Bf5 7. Nf3 e6 8. Qe2 Be7 9. 0-0-0 Nd5 10. Bxe7 Qxe7 11. Bxd5 cxd5 12. Qb5+ Nc6 13. Rhe1 Rd8 14. Ne5 0-0 15. Kb1 Nxe5 16. Rxe5 a6 17. Qe2 Qh4 18. g3 Qh3 19. f3 b5 20. g4 Bg6 21. f4 b4 22. Na4 f5 23. Rxe6 fxg4 24. Qe5 Qxh2 25. Rxg6 hxg6 26. Qe6+ Kh7 27. Qxg4 Rxf4 28. Qe6 Rxd4 29. Re1 Re4 30. Rxe4 dxe4 31. a3 Rd1+ 32. Ka2 Qxc2 33. Nc5 b3+ 0-1

[Event "Eger Osz op"]
[Site "Eger"]
[Date "2008.10.22"]
[Round "1"]
[White "Koszegi, Lajos"]
[Black "Gledura, Benjamin"]
[Result "1-0"]
[WhiteElo "2060"]
[BlackElo "1780"]
[PlyCount "29"]
[EventDate "2008.10.22"]
[EventType "swiss"]
[EventRounds "7"]
[EventCountry "HUN"]
[SourceTitle "EXT 2011"]
[Source "ChessBase"]
[SourceDate "2010.11.26"]
[SourceVersion "1"]
[SourceVersionDate "2010.11.26"]
[SourceQuality "1"]

1. e4 c5 2. Nc3 Nc6 3. f4 g6 4. Nf3 Bg7 5. Bc4 Nf6 6. d3 0-0 7. 0-0 d6 8. f5 gxf5 9. Qe1 fxe4 10. dxe4 Nd4 11. Qh4 Be6 12. Bh6 Bxh6 13. Qxh6 Bxc4 14. Ng5 Bxf1 15. Nd5 1-0

[Event "Nyiregyhaza op"]
[Site "Nyiregyhaza"]
[Date "2008.07.26"]
[Round "6"]
[White "Koszegi, Lajos"]
[Black "Simko, Lorant"]
[Result "1-0"]
[WhiteElo "2069"]
[BlackElo "1728"]
[PlyCount "61"]
[EventDate "2008.07.23"]
[EventType "swiss"]
[EventRounds "7"]
[EventCountry "HUN"]
[SourceTitle "EXT 2009"]
[Source "ChessBase"]
[SourceDate "2008.11.26"]
[SourceVersion "1"]
[SourceVersionDate "2008.11.26"]
[SourceQuality "1"]

1. e4 e5 2. Nf3 Nf6 3. d4 Nxe4 4. dxe5 d5 5. exd6 Nxd6 6. Bd3 Nc6 7. Nc3 g6 8. Qe2+ Qe7 9. Nd5 Qxe2+ 10. Bxe2 Kd8 11. Bg5+ Be7 12. Nxe7 Nxe7 13. 0-0 Be6 14. Bf6 Rg8 15. Ng5 Ke8 16. Rfe1 h6 17. Nxe6 fxe6 18. Bg4 h5 19. Bxe6 Rf8 20. Bxe7 Kxe7 21. Bd5+ Kf6 22. Re6+ Kg5 23. f3 Rae8 24. Rae1 Rxe6 25. Rxe6 Rf5 26. Bb3 b6 27. c3 Rf6 28. h4+ Kf5 29. g4+ hxg4 30. fxg4+ Kxg4 31. Rxf6 1-0

[Event "Nyiregyhaza op"]
[Site "Nyiregyhaza"]
[Date "2008.07.23"]
[Round "1"]
[White "Hajnal, Zoltan"]
[Black "Koszegi, Lajos"]
[Result "1-0"]
[WhiteElo "2376"]
[BlackElo "2069"]
[PlyCount "57"]
[EventDate "2008.07.23"]
[EventType "swiss"]
[EventRounds "7"]
[EventCountry "HUN"]
[SourceTitle "EXT 2009"]
[Source "ChessBase"]
[SourceDate "2008.11.26"]
[SourceVersion "1"]
[SourceVersionDate "2008.11.26"]
[SourceQuality "1"]

1. e4 c5 2. Nf3 d6 3. d4 cxd4 4. Nxd4 Nf6 5. Nc3 g6 6. Be3 Bg7 7. f3 Nc6 8. Qd2 0-0 9. Bc4 Nxd4 10. Bxd4 Qc7 11. Bb3 Be6 12. 0-0-0 Rfc8 13. Kb1 Qa5 14. g4 Rc6 15. h4 Rac8 16. h5 Bxb3 17. cxb3 e6 18. Rh2 b5 19. b4 Qxb4 20. h6 e5 21. Be3 Bf8 22. g5 Rxc3 23. gxf6 d5 24. exd5 e4 25. Rh4 Rd3 26. Qxd3 exd3 27. Rxb4 Bxb4 28. Rxd3 a6 29. d6 1-0